000 00406pab a2200169 454500
008 180718b2006 xxu||||| |||| 00| 0 eng d
100 _aGlaeser, Edward L.
245 _aUrban resurgence and the consumer city
260 _c2006
300 _ap.1275-299.
362 _aJul
650 _aUrban development
700 _aGottlieb, Joshua D.
773 _aUrban Studies
908 _aN
909 _a74969
999 _c74969
_d74969